000 00799nam a2200217 i 4500
001 bgj
100 1 _aARMANSKI, Gerhard.
245 1 0 _aFränkische Literaturlese :
_bEssays über Poeten zwischen Main und Donau : Max Dauthendey, Elisabeth Engelhardt, Gisela Elsner, Friedrich Rückert, Süsskind von Trimberg, Moritz August von Thümmel, Leo Weismantel /
_cGerhard Armanski.
260 _aWürzburg :
_bKöninghausen und Neumann,
_c1998.
300 _a128 S. :
_bIll. ;
_c19 cm.
504 _aBibliographie S. 128.
651 9 _aFranken
_xLiterarische Stätte
651 9 _aFranken
_xSchrifseller
_xGeschichte 1170-1977
655 _aFührer
020 _a3826014979
040 _cBPK
041 0 _ager
920 _a3-8260-1497-9
942 _cKS
008 s gw f |000 0 ger
999 _c49458
_d49458
856 _uhttp://koha.tu.koszalin.pl/cgi-bin/koha/opac-detail.pl?biblionumber=49458
_yKatalog online BPK